Claves de la flora de España (Record no. 70311)

MARC details
000 -LEADER
campo de control de longitud fija 00613nam a2200157 i 4500
001 - NÚMERO DE CONTROL
campo de control 70311
003 - IDENTIFICADOR DE NÚMERO DE CONTROL
campo de control ES-MaACL
007 - CAMPO FIJO DE DESCRIPCIÓN FÍSICA--INFORMACIÓN GENERAL
campo de control de longitud fija t|
008 - DATOS DE LONGITUD FIJA--INFORMACIÓN GENERAL
campo de control de longitud fija 040721m19811983sp ||||1| spa d
100 1# - ENTRADA PRINCIPAL--NOMBRE DE PERSONA
Nombre de persona García Rollán, Mariano.
9 (RLIN) 55211
245 10 - MENCIÓN DEL TÍTULO
Título Claves de la flora de España
Resto del título : (Península y Baleares) /
Mención de responsabilidad, etc. Mariano García Rollán ; ilustraciones del autor.
260 ## - PUBLICACIÓN, DISTRIBUCIÓN, ETC.
Lugar de publicación, distribución, etc. Madrid :
Nombre del editor, distribuidor, etc. Mundi-Prensa,
Fecha de publicación, distribución, etc. 1981-83.
300 ## - DESCRIPCIÓN FÍSICA
Extensión 2 v. :
Otras características físicas il. ;
Dimensiones 22 cm.
505 8# - NOTA DE CONTENIDO CON FORMATO
Nota de contenido con formato Contiene: V. I: Pteridofitas, gimnospermas, dicotiledóneas (A-J). -- V. II: Dicotiledóneas (L-Z) y monocotiledóneas
852 ## - LOCALIZACIÓN
Ubicación ES-MaACL
Número de control de estantería L-4468-9
Sublocalización o colección R.102209
Holdings
Estatus retirado Estado de pérdida Estado de daño No para préstamo Biblioteca de origen Biblioteca actual Ubicación en estantería Fecha de adquisición Fuente de adquisición Total de préstamos Signatura topográfica completa Código de barras Visto por última vez Precio de reemplazo Tipo de ítem Koha
        Biblioteca del Ateneo de Madrid Biblioteca del Ateneo de Madrid Depósito 2 17/01/2008     L-4468-9 1073628 23/02/2023 23/02/2023 Libro impreso